Existence of periodic solutions for a second order nonlinear neutral differential equation with functional delay

Elmentve itt :
Bibliográfiai részletek
Szerzők: Ardjouni Abdelouaheb
Djoudi Ahcene
Dokumentumtípus: Folyóirat
Megjelent: 2012
Sorozat:Electronic journal of qualitative theory of differential equations
Kulcsszavak:Differenciálegyenlet - nemlineáris - semleges
Online Access:http://acta.bibl.u-szeged.hu/42432
LEADER 00781nas a2200193 i 4500
001 acta42432
005 20260224081030.0
008 170601s2012 hu o 000 eng d
022 |a 1417-3875 
040 |a SZTE Egyetemi Kiadványok Repozitórium  |b hun 
041 |a eng 
100 1 |a Ardjouni Abdelouaheb 
245 1 0 |a Existence of periodic solutions for a second order nonlinear neutral differential equation with functional delay  |h [elektronikus dokumentum] /  |c  Ardjouni Abdelouaheb 
260 |c 2012 
300 |a 1-9 
490 0 |a Electronic journal of qualitative theory of differential equations 
695 |a Differenciálegyenlet - nemlineáris - semleges 
700 0 1 |a Djoudi Ahcene  |e aut 
856 4 0 |u http://acta.bibl.u-szeged.hu/42432/1/ejqtde_2012_031_001-009.pdf  |z Dokumentum-elérés